Countries with the Most People with the Forename: Maria - Statistics

General Stats
  • This quiz has been taken 75 times
  • The average score is 8 of 10
Answer Stats
Answer Incidence Frequency % Correct
Brazil 14,524,659 1:15
95%
Argentina 2,682,484 1:16
94%
Spain 4,865,020 1:10
94%
United States 1,802,673 1:201
92%
Mexico 11,699,601 1:11
86%
Colombia 3,493,380 1:14
85%
Peru 1,265,367 1:25
80%
Venezuela 1,405,524 1:21
80%
Ecuador 1,146,422 1:15
71%
Italy 4,501,465 1:14
65%
No matching quizzes found
Score Distribution
Percent of People with Each Score
Percentile by Number Answered
Your Score History
You have not taken this quiz